| 000 | 00760cam a2200241 a 4500 | ||
|---|---|---|---|
| 008 | |||
| 020 | _a0071280898 (pbk.) | ||
| 049 | _aMAIN | ||
| 090 |
_aQA76.73.B3 _bBRA |
||
| 100 | 1 | _aBradley, Julia Case. | |
| 245 | 1 | 0 |
_aProgramming in Visual Basic 2008 / _cJulia Case Bradley, Anita C. Millspaugh. |
| 260 |
_aBoston : _bMcGraw-Hill Higher Education, _cc1996. |
||
| 300 |
_axxviii, 676 p. : _bill. ; _c28 cm. |
||
| 500 | _aIncludes index. | ||
| 630 | 0 | 0 | _aMicrosoft Visual BASIC. |
| 650 | 0 | _aBASIC (Computer program language) | |
| 700 | 1 |
_aMillspaugh, A. C. _q(Anita C.) |
|
| 907 |
_a.b10293619 _b14-04-15 _c23-03-11 |
||
| 003 | |||
| 005 | 20230123125205.0 | ||
| 040 | _cNUST | ||
| 942 |
_cBOOKS _kQA76.73.B3 _mBRA |
||
| 999 |
_c137283 _d137283 |
||